|
|
|
|
| LEADER |
00000nam a2200000 a 4500 |
| 001 |
vtls001355045 |
| 003 |
SK-MaSNL |
| 005 |
20260301010502.0 |
| 008 |
251113s1998 xo g r hun |
| 015 |
|
|
|a SNBA1999/05-01767
|
| 020 |
|
|
|a 8080620245
|
| 035 |
|
|
|a SNK000308501
|
| 035 |
|
|
|a urn:nbn:sk:snk-amkiw3
|
| 035 |
|
|
|a urn:nbn:sk:snk-am003aux
|
| 035 |
|
|
|a 2B36B596-B362-4392-BA42-814B11CE912C
|
| 040 |
|
|
|a SNK
|b slo
|c SNK
|e AACR2
|
| 041 |
0 |
|
|a hun
|
| 044 |
|
|
|a xo
|c SK
|
| 080 |
|
|
|a 371.3:78(072)=945.11
|2 1981
|
| 080 |
|
|
|a 78(072)=945.11
|2 1981
|
| 100 |
1 |
|
|a Cséhi, Ágota,
|d 1966-
|4 aut
|9 41907
|
| 245 |
1 |
0 |
|a Zeneirodalmi, zenehallgatási szemelvények a gyermekek és az ifjúság részére
|n 1
|c Csehi Ágota, Dombi Erzsébet
|
| 260 |
|
|
|a Dunaszerdahely
|b Lilium Aurum
|c 1998
|
| 300 |
|
|
|a 99 s.
|b noty
|c 21 cm
|
| 490 |
1 |
|
|a Egyetemi füzetek
|v 2
|
| 650 |
0 |
7 |
|a výchova hudobná
|x vyučovanie
|x príručky
|2 SNK
|9 292376
|
| 655 |
|
7 |
|a príručky
|2 SNK
|9 74364
|
| 700 |
1 |
|
|a Dombi, Erzsébet
|4 aut
|9 292377
|
| 752 |
|
|
|d Dunajská Streda
|
| 830 |
|
0 |
|a Egyetemi füzetek
|9 292378
|
| 919 |
|
|
|a 80-8062-024-5
|
| 958 |
|
|
|a TL
|
| 958 |
|
|
|a HU
|
| 999 |
|
|
|c 548232
|d 550162
|
| 952 |
|
|
|t P60, <03>, [BOOK], {603}
|a SNK
|b SNK
|y PREZ
|7 0
|p 17A0181754
|o snkSC 97843/1
|i snkKSP 1595/99
|0 0
|1 0
|4 0
|d 1999-02-15
|f 1
|l 0
|r 2025-09-17 00:00:00
|w 2026-02-23
|
| 952 |
|
|
|t P60, <04>, [BOOK], {604}
|a SNK
|b SNK
|y VYP
|7 0
|p 17A0181753
|o snkSC 97843/1 D1
|i snkKSP 1596/99
|0 0
|1 0
|4 0
|d 1999-02-15
|l 0
|r 2005-01-02 00:00:00
|w 2026-02-23
|